| 000 -CABECERA |
| campo de control de longitud fija |
01673nam a2200277 4500 |
| 005 - FECHA Y HORA DE LA ÚLTIMA TRANSACCIÓN |
| campo de control |
20210519132022.0 |
| 008 - DATOS DE LONGITUD FIJA--INFORMACIÓN GENERAL |
| campo de control de longitud fija |
210502s2002 ec ab| fr|||| 101 0 spa d |
| 020 ## - NÚMERO INTERNACIONAL ESTÁNDAR DEL LIBRO |
| ISBN |
9978046259 |
| 040 ## - FUENTE DE LA CATALOGACIÓN |
| Centro catalogador/agencia de origen |
CENDOC CAAAP |
| Lengua de catalogación |
spa |
| Centro/agencia transcriptor |
CAAAP |
| 041 ## - CÓDIGO DE LENGUA |
| Código de lengua del texto/banda sonora o título independiente |
spa |
| 050 ## - SIGNATURA TOPOGRÁFICA DE LA BIBLIOTECA DEL CONGRESO |
| Número de clasificación |
C |
| Número de documento/Ítem |
F S29.A5 E |
| 111 ## - ENTRADA PRINCIPAL--NOMBRE DE CONGRESO/REUNIÓN |
| 9 (RLIN) |
2932 |
| Nombre de congreso/reunión o jurisdicción como elemento de entrada |
Encuentro Macroregional de Organizaciones Indígenas y Campesinas |
| Sede del congreso/Lugar de la reunión |
Lima, Perú |
| Fecha del congreso/reunión |
2002. |
| Número del congreso/reunión o número de parte o sección |
1º. |
| 500 ## - NOTA GENERAL |
| Nota general |
Encuentro realizado del 20 al 22 de noviembre de 2001. |
| 245 0# - MENCIÓN DE TÍTULO |
| Título |
Desarrollo sostenible y descentralizado de la Amazonía Peruana / |
| Mención de responsabilidad, etc. |
[edición, Walter Herz]. |
| 250 ## - MENCIÓN DE EDICIÓN |
| Mención de edición |
1ra ed. |
| 260 ## - PUBLICACIÓN, DISTRIBUCIÓN, ETC. |
| Lugar de publicación, distribución, etc. |
Lima : |
| Nombre del editor, distribuidor, etc. |
Coordinadora Agroforestal Indígena y Campesina del Perú :Foro Ecológico del Perú : |
| -- |
Red Perú de Iniciativas de Concertación para el Desarrollo Local, |
| Fecha de publicación, distribución, etc. |
2002 |
| 300 ## - DESCRIPCIÓN FÍSICA |
| Extensión |
165 p. : |
| Otras características físicas |
il. ; |
| Dimensiones |
30 cm. |
| 505 0# - NOTA DE CONTENIDO CON FORMATO |
| Nota de contenido con formato |
Concertación indígena-campesina en la Amazonía: reseña y balance de un proceso inédito / Walter Herz -- Falsos mitos y medias verdades sobre el desarrollo / Ernesto Ráez Luna -- Actores y desarrollo en la región amazónica peruana / Rodrigo Arce -- La ley forestal y de fauna silvestre: análisis y propuestas / Ernesto Ráez Luna -- Políticas públicas y desarrollo sostenible de la Amazonía Peruana / Julio Díaz Palacios. |
| 650 10 - PUNTO DE ACCESO ADICIONAL DE MATERIA--TÉRMINO DE MATERIA |
| 9 (RLIN) |
2933 |
| Término de materia o nombre geográfico como elemento de entrada |
Comunidades nativas |
| Subdivisión de forma |
Congresos |
| Subdivisión geográfica |
Perú |
| -- |
Amazonía |
| 650 20 - PUNTO DE ACCESO ADICIONAL DE MATERIA--TÉRMINO DE MATERIA |
| 9 (RLIN) |
2934 |
| Término de materia o nombre geográfico como elemento de entrada |
Campesinos |
| Subdivisión de forma |
Congresos |
| Subdivisión geográfica |
Perú |
| 700 1# - PUNTO DE ACCESO ADICIONAL--NOMBRE DE PERSONA |
| 9 (RLIN) |
2928 |
| Nombre de persona |
Herz, Walter |
| Término indicativo de función/relación |
editor |
| 710 2# - ENTRADA SECUNDARIA -- AUTOR CORPORATIVO |
| 9 (RLIN) |
2929 |
| Nombre de entidad corporativa o nombre de jurisdicción como elemento de entrada |
Coordinadora Agroforestal Indígena y Campesina del Perú |
| 710 2# - ENTRADA SECUNDARIA -- AUTOR CORPORATIVO |
| 9 (RLIN) |
2930 |
| Nombre de entidad corporativa o nombre de jurisdicción como elemento de entrada |
Foro Ecológico del Perú. |
| 710 2# - ENTRADA SECUNDARIA -- AUTOR CORPORATIVO |
| 9 (RLIN) |
2931 |
| Nombre de entidad corporativa o nombre de jurisdicción como elemento de entrada |
Red Perú de Iniciativas de Concertación para el Desarrollo Local. |
| 942 ## - ELEMENTOS PERSONALIZADOS KOHA |
| Fuente del sistema de clasificación o colocación |
|
| Fecha de catalogación |
02 - 05 - 21 |
| Tipo de ítem Koha |
Libros |